000 00650nam a2200253 a 4500
003 AR-BaBNM
005 20251128203306.0
008 082120s2002 ||||||||||||||000 | spa||
020 _a84-348-1677-6
040 _cAR-BaBNM
100 1 _aNöstlinger, Christine
245 0 0 _aQuerida Susi, querido Paul
250 _a6ª ed.
260 _aMadrid
_bEdiciones S.M.
_c1984
300 _a91 p.
_bil.
490 0 _aEl barco de vapor
_vv. 90
500 _aRecoemdado a partir de 7 años
650 4 _aLITERATURA INFANTIL
650 4 _aLIBROS PARA NIÑOS
650 4 _aHISTORIAS DE AMOR
655 _aLITERATURA
942 _cBK
998 _claura
999 _c2747
_d2747